| 000 | 00518nam a22001937a 4500 | ||
|---|---|---|---|
| 005 | 20210325182556.0 | ||
| 008 | eng d | ||
| 041 | _aeng | ||
| 050 | _aDS566.2 T52B | ||
| 245 | 1 | 0 | _aBeautiful Thailand |
| 260 | 3 |
_aBangkok : _bAroon printing, _cn.d. |
|
| 300 |
_a93 p. : _b ill. ; _c 21x29 cm. |
||
| 650 | 0 | 4 | _aThailand -- Collected works |
| 650 | 0 | 4 | _aThailand -- Description and travel |
| 850 | _aNALT | ||
| 942 | _cGB | ||
| 997 | _c000000000014845 | ||
| 998 | _aSOPAPORN | ||
| 999 |
_c14845 _d14845 |
||